| 000 | 00547aam a2200181 4500 | ||
|---|---|---|---|
| 005 | 20170123112033.0 | ||
| 008 | 150226b xxu||||| |||| 00| 0 eng d | ||
| 041 | _aSPA | ||
| 082 | _aDE 166 | ||
| 100 |
_aRodríguez Solano, Alberto _936787 |
||
| 245 | _aDeterminar las variables que afectan el análisis crediticio, evitándose así el aumento en el índice de morosidad | ||
| 260 | _c2015 | ||
| 650 |
_aCOSTA RICA _936788 |
||
| 650 |
_aADMINISTRACIÓN DE EMPRESAS _9521 |
||
| 650 |
_aCREDITOS _9640 |
||
| 650 |
_aMOROSIDAD _910043 |
||
| 942 | _cIP | ||
| 999 |
_c8792 _d8792 |
||